000 00609nam a2200217Ii 4500
003 JO-AjNU
008 230606s9999||||xx |||||||||||||| ||und||
017 _a2012/8/3046
020 _a978-9957-8870-1-0
040 _aJO-AjNU
_beng
_erda
_cJO-AjNU
041 _aeng
050 1 4 _aD534.956.O526 2013
100 3 _aAl-Dhiesat, Hayel,
_eauthor
_93683
245 0 4 _aThe Fatimids their societs and culture
264 3 1 _aAmman: The Auther, 2013
300 _a336p
336 _atext
_btxt
_2rdacontent
337 _aunmediated
_bn
_2rdamedia
338 _avolume
_bnc
_2rdacarrier
650 4 _a Fatimids
_93684
999 _aE1921
_c1921
_d1921